000 00824nmm a2200241 a 4500
001 ocm000701238
003 TR-IsHL
005 20201028141850.0
008 131226s1988 tu eng
007 cr cn
035 _a701238
_b(N$T)
050 0 4 _aKKX967
_b.F67 1988
090 0 4 _aKKX967
_b.F67 1988
245 1 0 _aForeign capital legislation
_h[electronic resource]
260 _aİstanbul :
_bİstanbul Ticaret Odası,
_c1988
300 _a20 p.
650 4 _aEkonomi ve Finans
650 4 _aEconomics and Finance
650 0 _aTürkiye
_x Dış ekonomik ilişkiler
650 0 _aTurkey
_x Foreign economic relations
650 7 _aPOLITICAL SCIENCE / International Relations / Trade & Tariffs
_2bisacsh
856 4 0 _uhttp://search.ebscohost.com/login.aspx?direct=true&scope=site&db=e011xww&AN=701238
999 _c8044
_d8044